[Event "Israeli Open Championship 2019"]
[Site "Jerusalem"]
[Date "2019.12.22"]
[Round "9.18"]
[White "Birnboim, Nathan"]
[Black "Tadmor, Maya"]
[Result "1-0"]
[WhiteElo "2393"]
[BlackElo "1599"]
[Annotator "ChessBase"]
[PlyCount "103"]
[EventDate "2019.12.12"]
[EventType "swiss"]
[EventCountry "ISR"]
[SourceTitle "playchess.com"]
[Source "ChessBase"]
[SourceQuality "1"]
[TimeControl "5400+30"]

1. d4 {[%emt 0:00:42]} Nf6 {[%emt 0:00:00]} 2. c4 {[%emt 0:00:02]} g6 {[%emt 0:00:00]} 3. g3 {[%emt 0:00:08]} Bg7 {[%emt 0:00:26]} 4. Bg2 {[%emt 0:00:05]} d5 {[%emt 0:02:09]} 5. cxd5 {[%emt 0:00:12]} Nxd5 {[%emt 0:00:24]} 6. e4 {[%emt 0:00:19]} Nb6 {[%emt 0:01:18]} 7. Ne2 {[%emt 0:00:08]} c5 {[%emt 0:02:36]} 8. d5 {[%emt 0:00:14]} O-O {[%emt 0:03:02]} 9. O-O {[%emt 0:00:20]} N8d7 {[%emt 0:10:43]} 10. Na3 {[%emt 0:02:30]} Re8 {[%emt 0:16:41]} 11. f4 {[%emt 0:08:46]} e5 {[%emt 0:05:23]} 12. f5 {[%emt 0:06:20]} Nf6 {[%emt 0:03:02]} 13. fxg6 {[%emt 0:02:06]} hxg6 {[%emt 0:03:23]} 14. Nc3 {[%emt 0:05:14]} a6 {[%emt 0:07:00]} 15. Bg5 {[%emt 0:06:12]} Nbd7 {[%emt 0:09:00]} 16. Nc4 {[%emt 0:02:20]} b5 {[%emt 0:02:37]} 17. Nd6 {[%emt 0:00:59]} Rf8 {[%emt 0:01:14]} 18. Qf3 {[%emt 0:03:44]} Qb6 {[%emt 0:01:24]} 19. Nxc8 {[%emt 0:00:14]} Raxc8 {[%emt 0:00:11]} 20. Bh3 {[%emt 0:01:24]} Rce8 {[%emt 0:06:24]} 21. a4 {[%emt 0:08:38]} b4 {[%emt 0:02:12]} 22. a5 {[%emt 0:00:16]} Qc7 {[%emt 0:02:25]} 23. Na4 {[%emt 0:03:48]} Qxa5 {[%emt 0:04:15]} 24. Rfc1 {[%emt 0:01:14]} Qc7 {[%emt 0:07:18]} 25. Bxf6 {[%emt 0:01:47]} Nxf6 {[%emt 0:00:52]} 26. Nxc5 {[%emt 0:00:45]} Ra8 {[%emt 0:02:12]} 27. Kh1 {[%emt 0:02:31]} Qb6 {[%emt 0:02:06]} 28. Rc4 {[%emt 0:03:11]} Rfd8 {[%emt 0:02:29]} 29. Na4 {[%emt 0:04:23]} Qb7 {[%emt 0:01:42]} 30. Rc6 {[%emt 0:03:25]} Ne8 {[%emt 0:01:10]} 31. Nb6 {[%emt 0:02:28]} Rab8 {[%emt 0:00:38]} 32. Nc4 {[%emt 0:01:03]} Ra8 {[%emt 0:00:46]} 33. b3 {[%emt 0:01:04]} Ra7 {[%emt 0:00:33]} 34. Ra5 {[%emt 0:04:54]} Qe7 {[%emt 0:00:47]} 35. Qf2 {[%emt 0:04:25]} Rc7 {[%emt 0:00:32]} 36. Rxc7 {[%emt 0:02:40]} Qxc7 {[%emt 0:00:20]} 37. Rxa6 {[%emt 0:00:15]} Nd6 {[%emt 0:00:21]} 38. Rc6 {[%emt 0:07:33]} Qe7 {[%emt 0:00:21]} 39. Qe1 {[%emt 0:02:16]} Nb5 {[%emt 0:00:37]} 40. Rb6 {[%emt 0:01:06]} Nc3 {[%emt 0:00:35]} 41. d6 {[%emt 0:00:47]} Qf6 {[%emt 0:00:45]} 42. Rxb4 {[%emt 0:01:13]} Qf3+ {[%emt 0:00:30]} 43. Bg2 {[%emt 0:00:05]} Qd3 {[%emt 0:00:18]} 44. Rb7 {[%emt 0:03:47]} Qe2 {[%emt 0:00:42]} 45. Qxe2 {[%emt 0:00:37]} Nxe2 {[%emt 0:00:05]} 46. d7 {[%emt 0:01:45]} Kf8 {[%emt 0:00:50]} 47. Nb6 {[%emt 0:02:53]} Bf6 {[%emt 0:00:33]} 48. Bf1 {[%emt 0:00:42]} Nc3 {[%emt 0:00:22]} 49. Bd3 {[%emt 0:00:26]} Nd1 {[%emt 0:00:36]} 50. Kg2 {[%emt 0:00:21]} Nc3 {[%emt 0:00:32]} 51. Rc7 {[%emt 0:01:02]} Be7 {[%emt 0:00:31]} 52. Rxc3 {[%emt 0:00:28]} 1-0